| 000 | 00675nam a2200277Ia 4500 | ||
|---|---|---|---|
| 008 | 160803s9999 xx 000 0 und d | ||
| 020 | _a978-0553494648 | ||
| 100 | _aPaulsen, Gary | ||
| 245 | _aMudshark / | ||
| 245 | _cGary Paulsen. | ||
| 260 | _aNew York : | ||
| 260 | _bScholastic Inc. | ||
| 260 | _c2009 | ||
| 300 | _a83 pages ; | ||
| 300 | _c20 cm. | ||
| 650 | _aHumorous stories. | ||
| 650 | _aLost articles -- | ||
| 650 | _aProblem solving -- | ||
| 650 | _aProblem solving -- | ||
| 650 | _aSchools -- | ||
| 650 | _xFiction. | ||
| 650 | _xJuvenile fiction. | ||
| 650 | _xJuvenile fiction. | ||
| 650 | _xJuvenile fiction. | ||
| 700 | _a1080 | ||
| 999 |
_c298103 _d298103 |
||